Derecho colectivo del trabajo
Saved in:
| Main Author: | |
|---|---|
| Format: | Book |
| Language: | Spanish |
| Published: |
Santiago
Legal Publishing
2011
|
| Edition: | 2a. ed |
| Subjects: | |
| Tags: |
Add Tag
No Tags, Be the first to tag this record!
|
MARC
| LEADER | 00000cam a2200000 a 4500 | ||
|---|---|---|---|
| 001 | UCG6662 | ||
| 003 | CL-VaPUC | ||
| 008 | 110509e20110400CL |||||||||||||||||spa|d | ||
| 020 | |a 9789562389754 | ||
| 082 | 0 | 4 | |a 344.830188 |b GAM |2 21 |
| 100 | |a Gamonal Contreras, Sergio |e autor |9 344 | ||
| 245 | 1 | 0 | |a Derecho colectivo del trabajo |
| 250 | |a 2a. ed | ||
| 300 | |a 521 p | ||
| 942 | |c BK | ||
| 945 | |d 20110509 00:00:00 |a jcampos | ||
| 260 | |a Santiago |b Legal Publishing |c 2011 | ||
| 650 | 7 | |a DERECHO LABORAL |2 CL-VaPUC |9 15 | |
| 650 | 0 | |a Sindicatos |9 255034 | |
| 650 | 0 | |a Negociación colectiva |9 312433 | |
| 650 | 7 | |a HUELGA |2 CL-VaPUC |9 17 | |
| 650 | 7 | |a CONFLICTOS COLECTIVOS |2 CL-VaPUC |9 335342 | |
| 650 | 0 | |a Libertad sindical |9 387480 | |
| 583 | |a last modification |c 20170803 12:48:45 |k Rodrigo Vera | ||
| 999 | |c 344814 |d 344812 | ||
| 952 | |0 0 |1 0 |4 0 |6 344_830188000000000_GAM_2011 |7 0 |8 A |9 443034 |a BIBDER |b BIBDER |d 2019-11-22 |i 477504K |l 2 |o 344.830188 GAM 2011 |p 477504K |r 2024-08-20 |s 2024-08-16 |w 2019-11-22 |y BK |k DER | ||
| 952 | |0 0 |1 0 |4 0 |6 344_830188000000000_GAM_2011 |7 0 |8 A |9 443035 |a BIBDER |b BIBDER |d 2019-11-22 |i 4775058 |l 1 |m 1 |o 344.830188 GAM 2011 |p 4775058 |r 2024-09-30 |s 2024-09-16 |w 2019-11-22 |y BK |k DER | ||
| 952 | |0 0 |1 0 |4 0 |6 344_830188000000000_GAM_2011 |7 0 |8 A |9 443036 |a BIBDER |b BIBDER |d 2019-11-22 |i 4775066 |l 1 |o 344.830188 GAM 2011 |p 4775066 |r 2024-09-24 |s 2024-09-12 |w 2019-11-22 |y BK |k DER | ||
| 952 | |0 0 |1 0 |4 0 |6 344_830188000000000_GAM_2011 |7 0 |8 A |9 443037 |a BIBDER |b BIBDER |d 2019-11-22 |i 4775074 |o 344.830188 GAM 2011 |p 4775074 |r 2023-01-25 |w 2019-11-22 |y BK |k DER | ||
| 952 | |0 0 |1 0 |4 0 |6 344_830188000000000_GAM_2011 |7 0 |8 A |9 443038 |a BIBDER |b BIBDER |d 2019-11-22 |i 4775082 |l 3 |o 344.830188 GAM 2011 |p 4775082 |r 2024-09-27 |s 2024-09-13 |w 2019-11-22 |y BK |k DER | ||
| 952 | |0 0 |1 0 |3 erb |4 0 |6 344_830188000000000_GAM_2011 |7 0 |8 A |9 443039 |a BIBDER |b BIBDER |i 5134056 |l 1 |o 344.830188 GAM 2011 |p 5134056 |r 2024-09-24 |s 2024-09-13 |w 2019-11-22 |y BK |z Catalogado en:20150109 |k DER | ||
| 952 | |0 0 |1 0 |3 erb |4 0 |6 344_830188000000000_GAM_2011 |7 0 |8 A |9 443040 |a BIBDER |b BIBDER |i 5134064 |l 5 |o 344.830188 GAM 2011 |p 5134064 |r 2024-09-23 |s 2024-09-13 |w 2019-11-22 |y BK |z Catalogado en:20150109 |k DER | ||
| 952 | |0 0 |1 0 |3 erb |4 0 |6 344_830188000000000_GAM_2011 |7 0 |8 A |9 443041 |a BIBDER |b BIBDER |i 5134072 |l 6 |o 344.830188 GAM 2011 |p 5134072 |r 2024-09-24 |s 2024-09-13 |w 2019-11-22 |y BK |z Catalogado en:20150109 |k DER | ||